| 000 | 01098cam a2200289 a 4500 | ||
|---|---|---|---|
| 001 | 15444985 | ||
| 005 | 20170105102352.0 | ||
| 008 | 080909r20102000nyua 001 0 eng | ||
| 010 | _a 2008039824 | ||
| 020 | _a9780073532332 (hard copy : alk. paper) | ||
| 020 | _a0073532339 (hard copy : alk. paper) | ||
| 040 |
_aDLC _cDLC _dDLC |
||
| 050 | 0 | 0 |
_aQA303.2 _b.H64 2010 |
| 082 | 0 | 0 |
_a515 _222 |
| 100 | 1 |
_aHoffmann, Laurence D., _d1943- |
|
| 245 | 1 | 0 |
_aApplied calculus for business, economics, and the social and life sciences _bLaurence D. Hoffmann, Gerald L. Bradley. |
| 250 | _a10th ed. | ||
| 260 |
_aNew York, NY : _bMcGraw-Hill, _cc2010. |
||
| 300 |
_axv, 1051 p. : _bill. (chiefly col.) ; _c26 cm. |
||
| 500 | _aIncludes index. | ||
| 650 | 0 |
_aCalculus _vTextbooks. |
|
| 700 | 1 |
_aBradley, Gerald L., _d1940- |
|
| 856 | 4 | 1 |
_3Table of contents only _uhttp://www.loc.gov/catdir/toc/ecip0828/2008039824.html |
| 906 |
_a7 _bcbc _corignew _d1 _eecip _f20 _gy-gencatlg |
||
| 942 |
_2ddc _cBK |
||
| 999 |
_c11960 _d11960 |
||